[Event "38th Olympiad w"]
[Site "Dresden GER"]
[Date "2008.11.20"]
[Round "7"]
[White "Avelar,G"]
[Black "Baptista,A"]
[Result "0-1"]
[WhiteElo "2045"]
[BlackElo "2168"]
[EventDate "2008.11.13"]

1. e4 c5 2. Nf3 e6 3. d4 cxd4 4. Nxd4 Nf6 5. Bd3 Nc6 6. Be3 a6 7. O-O Qc7
8. Nd2 d5 9. Nxc6 bxc6 10. c4 Be7 11. Rc1 Qb8 12. cxd5 cxd5 13. exd5 Nxd5
14. Bd4 O-O 15. Nc4 Bg5 16. Be5 Qa7 17. Rb1 Bb7 18. Nd6 Bf4 19. Bxf4 Nxf4
20. Be4 Bxe4 21. Nxe4 Rfd8 22. Qf3 Qc7 23. Rbc1 Qe5 24. Rc5 Nd5 25. Nc3 Qd4
26. Rc6 Ne7 27. Rc7 Qd6 28. Rc4 Qb6 29. b3 h6 30. h3 Ra7 31. Na4 Qd6 32.
Rfc1 Ng6 33. Rc6 Qd4 34. Qc3 Qe4 35. Rc4 Qe2 36. Qb2 Rd2 37. Rc8+ Kh7 0-1

[Event "38th Olympiad w"]
[Site "Dresden GER"]
[Date "2008.11.20"]
[Round "7"]
[White "Coimbra,M"]
[Black "Sanchez,In"]
[Result "1-0"]
[WhiteElo "2105"]
[BlackElo "1952"]
[EventDate "2008.11.13"]

1. e4 e5 2. Nf3 Nc6 3. d4 exd4 4. Nxd4 Bc5 5. Nxc6 Qf6 6. Qf3 dxc6 7. Nc3
Be6 8. Be3 Bb4 9. Bd2 O-O-O 10. Bd3 h5 11. h4 Bg4 12. Qe3 Qd4 13. Qxd4 Rxd4
14. f3 Be6 15. a3 Be7 16. O-O-O f6 17. Ne2 Rd8 18. Nf4 Bf7 19. Bc3 Bd6 20.
e5 fxe5 21. Bxe5 Ne7 22. Rhe1 Rhe8 23. Bxd6 cxd6 24. Ne6 Bxe6 25. Rxe6 Nd5
26. Rxe8 Rxe8 27. Bg6 Re5 28. g3 Kc7 29. Be4 Nf6 30. Bg6 b5 31. Kd2 a5 32.
Re1 Rxe1 33. Kxe1 c5 34. Kd2 d5 35. c3 Kd6 36. b4 axb4 37. axb4 cxb4 38.
cxb4 Ke6 39. Bd3 Nd7 40. Bxb5 Ne5 41. Ke3 Kd6 42. Be8 d4+ 43. Kxd4 Nxf3+
44. Ke3 Ne5 45. Bxh5 Kd5 1-0

[Event "38th Olympiad w"]
[Site "Dresden GER"]
[Date "2008.11.20"]
[Round "7"]
[White "Mendoza Velazquez,L"]
[Black "Fridthjofsdottir,S"]
[Result "1-0"]
[WhiteElo "2015"]
[BlackElo "1806"]
[EventDate "2008.11.13"]

1. Nf3 d5 2. g3 c6 3. Bg2 Nf6 4. O-O Bg4 5. c4 e6 6. d3 Be7 7. Be3 Bxf3 8.
Bxf3 d4 9. Bd2 O-O 10. b4 Nbd7 11. a4 Ne5 12. Bg2 Qd7 13. Na3 Rfd8 14. b5
Bc5 15. Nc2 a5 16. Qe1 cxb5 17. axb5 Ra7 18. Rxa5 Rxa5 19. Bxa5 b6 20. Bb4
Qc7 21. Qa1 Ng6 22. Qa6 h5 23. Bxc5 Qxc5 24. Qb7 Rd6 25. Ra1 h4 26. Ra8+
Nf8 27. Rc8 Qe5 28. Qe7 N6h7 29. Be4 g6 30. f4 Qh5 31. Bf3 Qh6 32. Qxd6
hxg3 33. hxg3 Qh3 34. Kf2 1-0

[Event "38th Olympiad w"]
[Site "Dresden GER"]
[Date "2008.11.20"]
[Round "7"]
[White "Fuchs,Ju"]
[Black "Terao,J"]
[Result "1/2-1/2"]
[WhiteElo "2238"]
[BlackElo "2143"]
[EventDate "2008.11.13"]

1. e4 c5 2. Nf3 e6 3. d4 cxd4 4. Nxd4 a6 5. Nc3 b5 6. Bd3 Bc5 7. Nb3 Bb6 8.
O-O Nc6 9. Re1 d6 10. a4 b4 11. Na2 Nf6 12. Bd2 e5 13. a5 Ba7 14. h3 h5 15.
Be3 Bxe3 16. Rxe3 Be6 17. c3 bxc3 18. Nxc3 Rb8 19. Ra3 Bxb3 20. Rxb3 Rxb3
21. Qxb3 O-O 22. Bxa6 Qxa5 23. Qa3 Qb6 24. Bc4 Nd4 25. Qa2 Qb7 26. Bd5 Nxd5
27. Nxd5 Rb8 28. b4 Rc8 29. Qb1 Rc4 30. Kh2 Rc2 31. Qd1 Rxf2 32. Qxh5 Qa7
33. Rc3 Rc2 34. Qg5 Ne2 35. Qd8+ Kh7 36. Qh4+ Kg8 37. Qd8+ Kh7 38. Qh4+
1/2-1/2

[Event "38th Olympiad w"]
[Site "Dresden GER"]
[Date "2008.11.20"]
[Round "7"]
[White "Endress,A"]
[Black "Gazola,V"]
[Result "1-0"]
[WhiteElo "2067"]
[BlackElo "1973"]
[EventDate "2008.11.13"]

1. e4 c5 2. Nf3 Nc6 3. d4 cxd4 4. Nxd4 e5 5. Nb5 a6 6. Nd6+ Bxd6 7. Qxd6
Qf6 8. Qc7 Nge7 9. Nc3 Nb4 10. Bd3 d5 11. a3 Nxd3+ 12. cxd3 d4 13. Na4 Qc6
14. Qxc6+ Nxc6 15. Nb6 Rb8 16. f4 f6 17. f5 Kd8 18. g4 Kc7 19. Nd5+ Kd6 20.
Bd2 h6 21. h4 Kd7 22. Rc1 Ke8 23. Ke2 Bd7 24. g5 hxg5 25. hxg5 Rxh1 26.
Rxh1 fxg5 27. Bxg5 Kf7 28. Nb6 Be8 29. Rh8 Ne7 30. Nc4 1-0

[Event "38th Olympiad w"]
[Site "Dresden GER"]
[Date "2008.11.20"]
[Round "7"]
[White "Wijesuriya,GV"]
[Black "Sukandar,I"]
[Result "0-1"]
[WhiteElo "1937"]
[BlackElo "2303"]
[EventDate "2008.11.13"]

1. d4 Nf6 2. c4 e6 3. Nf3 b6 4. Nc3 d5 5. e3 Bb7 6. cxd5 exd5 7. Bb5+ c6 8.
Bd3 Be7 9. O-O Nbd7 10. Bd2 O-O 11. Nh4 Re8 12. Nf5 Bf8 13. f4 Ne4 14. Bxe4
dxe4 15. g4 c5 16. Be1 g6 17. Bh4 Qc7 18. Ng3 cxd4 19. Nb5 Qc4 20. Nxd4 Nc5
21. f5 Nd3 22. fxg6 hxg6 23. b3 Qd5 24. Nge2 Bh6 25. Bf2 Qg5 26. Nf4 Nxf4
27. exf4 Qxf4 28. Bg3 Qd2 29. Nb5 Rad8 30. Nd6 Qe3+ 31. Rf2 Re6 32. Qc2
Rexd6 33. Bxd6 Rxd6 34. Qc7 Bf4 35. Qxb7 Bxh2+ 36. Kf1 Qh3+ 37. Ke1 Qc3+
38. Kf1 Qxa1+ 39. Kg2 Qg1+ 0-1

[Event "38th Olympiad w"]
[Site "Dresden GER"]
[Date "2008.11.20"]
[Round "7"]
[White "Dewi,A"]
[Black "Walallawita,L"]
[Result "1-0"]
[WhiteElo "1802"]
[BlackElo "1818"]
[EventDate "2008.11.13"]

1. e4 c5 2. Nf3 d6 3. d4 cxd4 4. Nxd4 Nf6 5. Nc3 g6 6. Be3 Bg7 7. f3 O-O 8.
Qd2 Nc6 9. O-O-O Nxd4 10. Bxd4 Be6 11. Kb1 b5 12. Bxb5 Qb8 13. Bc6 Qc7 14.
Bxa8 Rxa8 15. g4 Qb7 16. h4 Rb8 17. b3 a5 18. h5 Qb4 19. hxg6 a4 20. gxh7+
Kh8 21. Nd5 Qb7 22. g5 axb3 23. cxb3 Ne8 24. Bxg7+ Nxg7 25. Qd4 Ra8 26. Rc1
Qa6 27. Rh2 Bxd5 28. exd5 Rc8 29. Rxc8+ Qxc8 30. Kb2 Qd8 31. a4 Qa8 32.
Qxg7+ Kxg7 33. h8=Q+ Qxh8 34. Rxh8 Kxh8 35. a5 1-0

[Event "38th Olympiad w"]
[Site "Dresden GER"]
[Date "2008.11.20"]
[Round "7"]
[White "Kadek,I"]
[Black "Thilakawardana,S"]
[Result "1-0"]
[WhiteElo "1859"]
[BlackElo "1815"]
[EventDate "2008.11.13"]

1. e4 c5 2. Nf3 Nc6 3. d4 cxd4 4. Nxd4 Nf6 5. Nc3 e5 6. Nb3 Bb4 7. f3 Bxc3+
8. bxc3 d5 9. exd5 Nxd5 10. Qd3 O-O 11. Ba3 Re8 12. Rd1 Nc7 13. Qxd8 Rxd8
14. Rxd8+ Nxd8 15. Bd6 Nd5 16. Bxe5 Nc6 17. Bd4 Bf5 18. Kd2 Rc8 19. Bc4
Nde7 20. Re1 b6 21. Ba6 Rd8 22. Bd3 Be6 23. Bf2 Ng6 24. Nd4 Bd5 25. Be4
Bxe4 26. Rxe4 Nge5 27. Ke2 Kf8 28. Bg3 Nxd4+ 29. cxd4 Nc6 30. c3 Rd5 31.
Kd3 b5 32. a3 a5 33. c4 bxc4+ 34. Kxc4 Rd8 35. Kc5 Ne7 36. Bd6 Re8 37. Kb5
f5 38. Rxe7 Rxe7 39. Kxa5 Kf7 40. Bxe7 1-0

[Event "38th Olympiad w"]
[Site "Dresden GER"]
[Date "2008.11.20"]
[Round "7"]
[White "Al Jelda,F"]
[Black "Ghader Pour,S"]
[Result "0-1"]
[WhiteElo "1857"]
[BlackElo "2149"]
[EventDate "2008.11.13"]

1. e4 c5 2. Nf3 d6 3. d4 cxd4 4. Nxd4 Nf6 5. Nc3 a6 6. Bg5 Nbd7 7. f4 Qb6
8. Nb3 e6 9. Qf3 Qc7 10. O-O-O Be7 11. g4 b5 12. Bg2 Bb7 13. Bxf6 Bxf6 14.
Ne2 Rc8 15. Rd2 Nb6 16. Ned4 Nc4 17. Re2 g6 18. g5 Bg7 19. Bh3 Qe7 20. Rg1
Rc7 21. Qf2 e5 22. f5 exd4 23. f6 Bxf6 24. gxf6 Qe5 25. Nxd4 O-O 26. Rg3
Bxe4 27. Bg2 d5 28. h4 h6 29. Rg4 Nd6 30. Qe3 Kh7 31. Bxe4 dxe4 32. Rf2 Re8
33. Nf5 Nxf5 0-1

[Event "38th Olympiad w"]
[Site "Dresden GER"]
[Date "2008.11.20"]
[Round "7"]
[White "Hejazipour,M"]
[Black "Mir Mahmoud,A"]
[Result "1-0"]
[WhiteElo "2139"]
[BlackElo "2024"]
[EventDate "2008.11.13"]

1. d4 d5 2. c4 c6 3. Nf3 Nf6 4. e3 e6 5. Nc3 Nbd7 6. Qc2 Be7 7. Bd3 O-O 8.
O-O b6 9. e4 dxe4 10. Nxe4 Bb7 11. Rd1 Nxe4 12. Bxe4 Nf6 13. Bd3 Qc7 14. c5
bxc5 15. dxc5 h6 16. Qc4 e5 17. Re1 Bc8 18. Rxe5 Be6 19. Rxe6 fxe6 20.
Qxe6+ Rf7 21. Ne5 Bxc5 22. Bg6 Bxf2+ 23. Kh1 Raf8 24. Bf4 Nd5 25. Bxf7+
Rxf7 26. Rf1 Bd4 27. Qxf7+ 1-0

[Event "38th Olympiad w"]
[Site "Dresden GER"]
[Date "2008.11.20"]
[Round "7"]
[White "Mencos,C"]
[Black "Solomons,A"]
[Result "0-1"]
[WhiteElo "1914"]
[BlackElo "1908"]
[EventDate "2008.11.13"]

1. e4 e5 2. Nf3 Nc6 3. Nc3 Nf6 4. Bb5 Bb4 5. O-O O-O 6. d3 d6 7. Bg5 Bxc3
8. bxc3 Qe7 9. Re1 Nd8 10. d4 Ne6 11. Bh4 c5 12. Bc4 Nf4 13. Qc1 h6 14. Bf1
Bg4 15. Qe3 Ng6 16. Bg3 Nh5 17. Nd2 f5 18. exf5 Bxf5 19. dxe5 Nxg3 20. Qxg3
dxe5 21. Bd3 Qd7 22. Nc4 Rad8 23. Nxe5 Nxe5 24. Qxe5 Bxd3 25. cxd3 Qxd3 26.
Qxc5 b6 27. Qb4 Qc2 28. Qb3+ Qxb3 29. axb3 Rd2 30. Rf1 a5 31. Rab1 Re8 32.
g3 Ree2 33. Kg2 Rb2 34. Kh3 Rxf2 35. Rh1 Rxh2+ 36. Rxh2 Rxb1 37. c4 Rxb3
38. Rc2 a4 39. c5 bxc5 40. Rxc5 a3 41. Ra5 Kf7 42. Kg4 Ke6 43. Kf4 g5+ 44.
Kg4 Kd6 45. Kh5 Rxg3 46. Kxh6 Kc6 47. Kg6 Kb6 48. Ra8 Kb5 49. Kf5 Kb4 50.
Ke4 Kb3 51. Rb8+ Kc2 52. Kd4 a2 53. Ra8 Kb2 0-1

[Event "38th Olympiad w"]
[Site "Dresden GER"]
[Date "2008.11.20"]
[Round "7"]
[White "Greeff,M"]
[Black "Castillo,Di"]
[Result "1-0"]
[WhiteElo "1963"]
[BlackElo "2041"]
[EventDate "2008.11.13"]

1. e4 c5 2. Nf3 d6 3. d4 cxd4 4. Nxd4 Nf6 5. Nc3 a6 6. Bc4 e6 7. Bb3 Be7 8.
Qf3 Qc7 9. Bg5 O-O 10. O-O-O Nc6 11. Qg3 Rd8 12. f4 b5 13. Nxc6 Qxc6 14.
Bxf6 Bxf6 15. Nd5 Kf8 16. e5 dxe5 17. Nxf6 Rxd1+ 18. Rxd1 gxf6 19. Rd8+ Ke7
20. Qg8 1-0

[Event "38th Olympiad w"]
[Site "Dresden GER"]
[Date "2008.11.20"]
[Round "7"]
[White "Mazariegos,S"]
[Black "De Jager,C"]
[Result "1-0"]
[WhiteElo "1962"]
[BlackElo "1800"]
[EventDate "2008.11.13"]

1. d4 d5 2. e3 Nf6 3. Bd3 Nc6 4. f4 Nb4 5. Bb5+ c6 6. Be2 Bf5 7. Na3 e6 8.
Nf3 Bd6 9. O-O O-O 10. Ne5 h6 11. c3 Na6 12. Bxa6 bxa6 13. Nxc6 Qc7 14. Nb4
Bxb4 15. cxb4 Rab8 16. Bd2 a5 17. Rc1 Qe7 18. b5 Bd3 19. Re1 Bxb5 20. Bxa5
Qb7 21. Bc7 Rbc8 22. Bd6 Rfd8 23. Nxb5 Qxb5 24. Be7 Re8 25. Bxf6 gxf6 26.
Qd2 f5 27. Rc2 Rc6 28. Rxc6 Qxc6 29. Rc1 Qa6 30. b3 Rb8 31. Rc3 Kg7 32. Qc2
Qa5 33. Kf2 Rb6 34. Rc8 Qa3 35. Kg3 Qb4 36. Kf2 Qa3 37. Kf3 Ra6 38. Qc7 Qd6
39. Qc2 Qb4 40. Qf2 Qe7 41. Qg3+ Kh7 42. Qg8+ 1-0

[Event "38th Olympiad w"]
[Site "Dresden GER"]
[Date "2008.11.20"]
[Round "7"]
[White "Sischy,M"]
[Black "Monterroso,K"]
[Result "0-1"]
[WhiteElo "1965"]
[BlackElo "1733"]
[EventDate "2008.11.13"]

1. e4 e5 2. Bc4 Nf6 3. d4 Nxe4 4. dxe5 Ng5 5. f4 Ne6 6. Nf3 Bc5 7. Nc3 Nc6
8. Qe2 d6 9. Bd2 Ned4 10. Nxd4 Nxd4 11. Qd1 Bf5 12. Bd3 Bxd3 13. cxd3 dxe5
14. fxe5 Qh4+ 15. g3 Qe7 16. Qa4+ b5 17. Nxb5 Qxe5+ 18. Kd1 Qe2+ 19. Kc1
O-O 20. Nxd4 Qxd3 21. Nb3 Bf2 22. Qf4 Bb6 23. Rf1 Rae8 24. Rf3 Qd5 25. Kc2
Re4 26. Qf5 Re5 27. Qd3 Qc6+ 28. Qc3 Qe4+ 29. Qd3 Qc6+ 30. Bc3 Rd5 31. Qe4
Re8 32. Qg4 Re2+ 33. Kb1 Rd1+ 34. Nc1 f6 35. Rxf6 Rxc1+ 36. Kxc1 Qh1+ 0-1

[Event "38th Olympiad w"]
[Site "Dresden GER"]
[Date "2008.11.20"]
[Round "7"]
[White "Mijovic,A"]
[Black "Parveen,S"]
[Result "1-0"]
[WhiteElo "2176"]
[BlackElo "2079"]
[EventDate "2008.11.13"]

1. e4 e5 2. Nf3 Nf6 3. d4 Nxe4 4. Bd3 d5 5. dxe5 Nc5 6. O-O Be7 7. Nc3 c6
8. Nd4 Nxd3 9. Qxd3 O-O 10. f4 f6 11. Bd2 Na6 12. a3 Nc5 13. Qe2 Qb6 14.
Kh1 Ne4 15. Nxe4 Qxd4 16. exf6 Bxf6 17. Nxf6+ Qxf6 18. Bb4 Rd8 19. Rae1 Qf7
20. f5 Bxf5 21. Qe5 c5 22. Rxf5 Qd7 23. Bxc5 Re8 24. Qxd5+ Qxd5 25. Rxe8+
Rxe8 26. Rxd5 b6 27. Bg1 Re2 28. h3 Rxc2 29. Bd4 Rc7 30. Kg1 Kf7 31. Kf2
Ke6 32. Rd8 Kf5 33. Kf3 h5 34. Rd6 h4 35. Rd5+ Kg6 36. Kg4 Rc2 37. Rg5+ 1-0

[Event "38th Olympiad w"]
[Site "Dresden GER"]
[Date "2008.11.20"]
[Round "7"]
[White "Topel,Z"]
[Black "Lang,Hea"]
[Result "1-0"]
[WhiteElo "2214"]
[BlackElo "2063"]
[EventDate "2008.11.13"]

1. d4 f5 2. Nf3 Nf6 3. g3 g6 4. Bg2 Bg7 5. b4 O-O 6. Bb2 c6 7. c4 d6 8.
Nbd2 a5 9. a3 e5 10. dxe5 Ng4 11. O-O Nxe5 12. Qc2 Qc7 13. Nd4 Bd7 14. Qb3
Na6 15. N2f3 axb4 16. axb4 h6 17. Rfd1 f4 18. Nxe5 Bxe5 19. c5+ d5 20. Nb5
Qb8 21. Bxd5+ Kg7 22. Nd6 Bxb2 23. Qxb2+ Kh7 24. Bc4 fxg3 25. hxg3 Bh3 26.
Ne4 Qe8 27. Nf6+ Rxf6 28. Qxf6 Qe4 29. Qf7+ Kh8 30. f3 Qe3+ 31. Kh2 Bf5 32.
Qf6+ Kh7 33. Qd4 Qg5 34. g4 Rd8 35. Qxd8 Qf4+ 36. Kg2 Qxc4 37. Qe7+ 1-0

[Event "38th Olympiad w"]
[Site "Dresden GER"]
[Date "2008.11.20"]
[Round "7"]
[White "Hughes,Rh"]
[Black "Bayrak,A"]
[Result "0-1"]
[WhiteElo "1796"]
[BlackElo "2005"]
[EventDate "2008.11.13"]

1. c4 e5 2. Nc3 Nf6 3. g3 d5 4. cxd5 Nxd5 5. Bg2 Nb6 6. d3 Be7 7. Nf3 Nc6
8. O-O O-O 9. b3 Be6 10. Bb2 f6 11. Rc1 Qd7 12. Qd2 Rad8 13. Rfd1 Rfe8 14.
Ne4 Bh3 15. Qc2 Bxg2 16. Kxg2 Qd5 17. Nc3 Qd7 18. a3 Nd4 19. Nxd4 exd4 20.
Ne4 Qd5 21. Kg1 f5 22. Nd2 Bg5 23. Re1 Re6 24. Rcd1 Rc6 25. Nc4 f4 26. Bc1
Rf8 27. e4 dxe3 28. fxe3 fxe3 29. Bxe3 Bxe3+ 30. Rxe3 Qd4 31. Qb2 Rxc4 32.
Qxd4 Rxd4 33. Re7 Rd7 0-1

[Event "38th Olympiad w"]
[Site "Dresden GER"]
[Date "2008.11.20"]
[Round "7"]
[White "Saleh,No"]
[Black "Ostry,I"]
[Result "0-1"]
[WhiteElo "1876"]
[BlackElo "2183"]
[EventDate "2008.11.13"]

1. d4 Nf6 2. c4 e6 3. Nc3 Bb4 4. Qc2 b6 5. Nf3 Bb7 6. e3 O-O 7. a3 Bxc3+ 8.
Qxc3 Ne4 9. Qc2 f5 10. b4 d6 11. Be2 Nd7 12. O-O Rf6 13. Nd2 Rg6 14. f3 Qg5
15. Rf2 Nxf2 16. Kxf2 Qxg2+ 17. Ke1 Qxh2 18. Nf1 0-1

[Event "38th Olympiad w"]
[Site "Dresden GER"]
[Date "2008.11.20"]
[Round "7"]
[White "Lim,G"]
[Black "Bukhashem,F"]
[Result "1-0"]
[WhiteElo "2072"]
[BlackElo "1740"]
[EventDate "2008.11.13"]

1. d4 d5 2. c4 dxc4 3. Nc3 Nf6 4. Bg5 e6 5. e3 Be7 6. Bxc4 O-O 7. Nf3 a6 8.
a4 c5 9. dxc5 Bxc5 10. Qc2 Be7 11. O-O Qc7 12. Bd3 h6 13. Bf4 Bd6 14. Bxd6
Qxd6 15. Rfd1 Qe7 16. Ne5 Nbd7 17. Nc4 Nc5 18. Be2 e5 19. b4 Ne6 20. Nb6
Rb8 21. Ncd5 Nxd5 22. Nxd5 Qh4 23. g3 Qh3 24. Ne7+ Kh8 25. Qf5 Nf4 26. Qxh3
Nxe2+ 27. Kf1 Bxh3+ 28. Kxe2 e4 29. Rd4 Bg4+ 30. Kd2 Rfd8 31. Nd5 Be6 32.
Nc3 f5 33. Ne2 Bb3 34. Rxd8+ Rxd8+ 35. Nd4 Bf7 36. Rc1 Be8 37. a5 Bc6 38.
Rc5 g6 39. Kc3 Bd7 40. Rc7 Rc8 41. Rxc8+ Bxc8 42. Kc4 Kg7 43. Kc5 Kf7 44.
Kd6 Ke8 45. Kc7 Bd7 46. Kxb7 Kd8 47. Kxa6 Kc7 48. b5 Kb8 49. Kb6 Bc8 50.
Nc6+ Ka8 51. Ne7 1-0

[Event "38th Olympiad w"]
[Site "Dresden GER"]
[Date "2008.11.20"]
[Round "7"]
[White "Mohammed Qane,J"]
[Black "De la Cruz,M"]
[Result "0-1"]
[WhiteElo "1913"]
[BlackElo "2045"]
[EventDate "2008.11.13"]

1. d4 Nf6 2. Nf3 g6 3. c4 Bg7 4. Nc3 d6 5. e4 Nbd7 6. Be2 O-O 7. O-O c5 8.
d5 a6 9. Rb1 Re8 10. a3 Qc7 11. h3 Rb8 12. Bf4 Ne5 13. Nxe5 dxe5 14. Bh2
Nd7 15. Qd2 Qd6 16. Rbd1 Rf8 17. f4 exf4 18. Bxf4 Ne5 19. Bh6 Bd7 20. Bxg7
Kxg7 21. Rf4 h6 22. Rdf1 b5 23. cxb5 axb5 24. Na2 b4 25. axb4 cxb4 26. b3
Rfc8 27. Qb2 f6 28. R4f2 Rc7 29. Rc1 Rxc1+ 30. Nxc1 Bb5 31. Bxb5 Rxb5 32.
Qe2 Rc5 33. Na2 Rc7 34. Qb5 Rc5 35. Qxb4 Nd3 36. Qd2 Nxf2 37. Qxf2 Qc7 38.
Qf3 Rc2 39. Nb4 Qc5+ 0-1

[Event "38th Olympiad w"]
[Site "Dresden GER"]
[Date "2008.11.20"]
[Round "7"]
[White "Wagener,A"]
[Black "Maroroa,S"]
[Result "1-0"]
[WhiteElo "2246"]
[BlackElo "1938"]
[EventDate "2008.11.13"]

1. e4 e5 2. Bc4 Nc6 3. Nc3 d6 4. d3 Na5 5. Nge2 Nxc4 6. dxc4 Be7 7. Qd3 Nf6
8. f3 Nd7 9. Be3 Nb6 10. Nd5 Be6 11. f4 exf4 12. Nexf4 Qd7 13. O-O-O Bd8
14. Kb1 Qc6 15. b3 a5 16. Nxb6 cxb6 17. Nxe6 fxe6 18. Qxd6 Bc7 19. Qxc6+
bxc6 20. Rhf1 h6 21. Bd4 Rg8 22. g3 Ke7 23. Rd3 e5 24. Bc3 Rgf8 25. Rfd1
Rad8 26. Rxd8 Rxd8 27. Rxd8 Kxd8 28. Kc1 Ke7 29. Kd2 Kf6 30. Ke3 g5 31. g4
Bd6 32. Bb2 Ke6 33. Kd3 Kf6 34. Bc1 Ke6 35. Be3 c5 36. Kc3 Kd7 37. Kb2 Kc6
38. Ka3 Bf8 39. Ka4 Bd6 40. Bd2 1-0

[Event "38th Olympiad w"]
[Site "Dresden GER"]
[Date "2008.11.20"]
[Round "7"]
[White "Pacheco,H"]
[Black "Dengler,D"]
[Result "0-1"]
[WhiteElo "1952"]
[BlackElo "2099"]
[EventDate "2008.11.13"]

1. d4 d5 2. Nf3 c6 3. e3 Nf6 4. Nbd2 Bg4 5. c4 e6 6. Qb3 Qc7 7. cxd5 exd5
8. Ne5 Bf5 9. Be2 Bd6 10. Ndf3 O-O 11. O-O Nbd7 12. Nd3 Ne4 13. g3 Rfe8 14.
Qd1 Re6 15. Nf4 Bxf4 16. exf4 Rae8 17. Be3 Nxf2 18. Kxf2 Rxe3 19. Ne5 Rxe2+
20. Qxe2 f6 21. Qh5 g6 22. Nxg6 hxg6 23. Qf3 Qb6 24. Qc3 c5 25. Rad1 Re4
26. Rfe1 cxd4 27. Qb3 Qxb3 28. axb3 d3 29. Re3 Nc5 0-1

[Event "38th Olympiad w"]
[Site "Dresden GER"]
[Date "2008.11.20"]
[Round "7"]
[White "Sammalvuo,N"]
[Black "Shabanaj,E"]
[Result "1-0"]
[WhiteElo "2245"]
[BlackElo "2093"]
[EventDate "2008.11.13"]

1. e4 e6 2. d3 d5 3. Nd2 c5 4. Ngf3 Nc6 5. g3 Nf6 6. Bg2 Be7 7. O-O O-O 8.
Re1 b6 9. h4 Bb7 10. e5 Nd7 11. Nf1 h6 12. N1h2 Qe8 13. Qe2 Nd8 14. c3 f6
15. exf6 Bxf6 16. Bh3 c4 17. d4 Bc8 18. Bxe6+ Nxe6 19. Qxe6+ Qxe6 20. Rxe6
Nc5 21. Rxf6 Rxf6 22. dxc5 Bf5 23. Nd4 Bh3 24. c6 a6 25. Be3 Rc8 26. Nhf3
Re8 27. Ne1 Kf7 28. Ng2 Bc8 29. Bf4 Rd8 30. Ne3 Kg6 31. Bc7 Rdf8 32. Nxd5
R6f7 33. Bxb6 Kh7 34. Bc5 Re8 35. Ne3 Be6 36. Re1 Bd5 37. Re2 Bxc6 38. Nxc4
Rxe2 39. Nxe2 Bb5 40. b3 Bxc4 41. bxc4 Rc7 42. Bd4 Rxc4 43. Nc1 g6 44. Kf1
Kg8 45. Ke2 Kf7 46. Kd3 Rc8 47. Nb3 Ke7 48. Nc5 a5 49. a4 Rb8 50. Be3 h5
51. Kc4 Rb1 52. Kd5 Rb6 53. Bd4 Rb1 54. Kc6 Rb2 55. Nd3 Rd2 56. Ne5 Re2 57.
Nxg6+ 1-0

[Event "38th Olympiad w"]
[Site "Dresden GER"]
[Date "2008.11.20"]
[Round "7"]
[White "Pasku,R"]
[Black "Rautanen,S"]
[Result "1/2-1/2"]
[WhiteElo "1883"]
[BlackElo "1981"]
[EventDate "2008.11.13"]

1. d4 d6 2. c4 e5 3. Nc3 exd4 4. Qxd4 Nc6 5. Qf4 Nf6 6. e4 g6 7. Bd3 Bg7 8.
Qh4 Ne5 9. Be2 Be6 10. f4 Nc6 11. Nf3 Qe7 12. O-O O-O-O 13. h3 Bd7 14. Bd3
Nb4 15. Bb1 Rhe8 16. Qf2 Kb8 17. Be3 Nc6 18. Bd3 h6 19. Nd5 Qf8 20. Nd2 b6
21. Rab1 Bc8 22. b4 Bb7 23. a4 Ne7 24. b5 Nfxd5 25. exd5 Bc8 26. g4 f5 27.
Qg3 Ng8 28. g5 hxg5 29. fxg5 Rd7 30. Bf4 Bd4+ 31. Kg2 Rde7 32. Rbe1 Be5 33.
Nf3 Qg7 34. h4 Bd7 35. Rh1 Bxf4 36. Qxf4 Qb2+ 37. Kg3 Qa3 38. Rxe7 Rxe7 39.
Qd4 f4+ 40. Kxf4 Rf7+ 41. Kg3 Ne7 42. Ra1 Qb4 43. Rb1 Qa3 44. Ra1 Qb4 45.
Rb1 Qa3 46. Ra1 1/2-1/2

[Event "38th Olympiad w"]
[Site "Dresden GER"]
[Date "2008.11.20"]
[Round "7"]
[White "Puuska,H"]
[Black "Shabanaj,A"]
[Result "1-0"]
[WhiteElo "2008"]
[BlackElo "1990"]
[EventDate "2008.11.13"]

1. d4 f5 2. Nc3 Nf6 3. Bg5 e6 4. e4 fxe4 5. Nxe4 Be7 6. Bxf6 Bxf6 7. Qh5+
g6 8. Qh6 d5 9. Nxf6+ Qxf6 10. Nf3 Nc6 11. O-O-O Bd7 12. Bb5 O-O-O 13. Rhe1
Nb4 14. Bxd7+ Rxd7 15. a3 Nc6 16. Qd2 Rf8 17. Re2 Re7 18. Rde1 Kd7 19. Kb1
Qf4 20. Qd3 g5 21. h3 h5 22. Qb5 a6 23. Qxb7 Rb8 24. Qxa6 g4 25. hxg4 hxg4
26. Ne5+ Nxe5 27. dxe5 Qd4 28. b3 Rf7 29. Rh1 Rb6 30. Qa8 Rc6 31. Ka2 Qxe5
32. Rxe5 Rxc2+ 33. Kb1 Rfxf2 34. Qa4+ Kd6 35. Qd4 Rxg2 36. Rhe1 c5 37.
Rxe6+ Kd7 38. Qg7+ 1-0

[Event "38th Olympiad w"]
[Site "Dresden GER"]
[Date "2008.11.20"]
[Round "7"]
[White "Cordero,D"]
[Black "Smith,O"]
[Result "0-1"]
[WhiteElo "1990"]
[BlackElo "1961"]
[EventDate "2008.11.13"]

1. Nf3 Nf6 2. g3 d5 3. Bg2 c5 4. O-O Nc6 5. d3 e6 6. Nbd2 Be7 7. e4 h5 8.
exd5 exd5 9. Re1 Bg4 10. h3 Bf5 11. Nb3 O-O 12. Bg5 Qd6 13. Nh4 Be6 14. d4
b6 15. Nf3 Nh7 16. dxc5 bxc5 17. Be3 c4 18. Bc5 Qc7 19. Bxe7 Nxe7 20. Nbd4
Bc8 21. Ne5 Nf6 22. Qe2 Nf5 23. Nxf5 Bxf5 24. Qd2 Rad8 25. c3 Ne4 26. Qd4
Rfe8 27. Nf3 Qd7 28. Kh2 Rb8 29. Re2 Rb6 30. Nh4 Bh7 31. f3 Nf6 32. Rxe8+
Qxe8 33. Qd2 Qb8 34. b3 cxb3 35. axb3 Rxb3 36. Ra6 Rb6 37. Ra4 a6 38. Qg5
Qc8 39. Qe5 Re6 40. Qd4 g5 41. Qd2 gxh4 0-1

[Event "38th Olympiad w"]
[Site "Dresden GER"]
[Date "2008.11.20"]
[Round "7"]
[White "Umarova,S"]
[Black "Lyons,K"]
[Result "1-0"]
[WhiteElo "1836"]
[BlackElo "1840"]
[EventDate "2008.11.13"]

1. e4 c5 2. Nc3 Nc6 3. g3 Nf6 4. Bg2 e6 5. f4 d5 6. d3 dxe4 7. Nxe4 Nxe4 8.
dxe4 Qxd1+ 9. Kxd1 g6 10. e5 Be7 11. Bxc6+ bxc6 12. c4 f6 13. Nf3 Ba6 14.
b3 Rd8+ 15. Kc2 Kf7 16. Bb2 Rd7 17. exf6 Bxf6 18. Bxf6 Kxf6 19. Ne5 Rg7 20.
h4 h6 21. Rad1 Rhh7 22. Nxc6 Bb7 23. Rd6 Kf5 24. Re1 Bc8 25. Nd8 Kg4 26.
Re3 g5 27. fxg5 hxg5 28. Nxe6 Re7 29. hxg5 Rh2+ 30. Kc3 Rxa2 31. g6 Rg2 32.
g7 Bxe6 33. g8=Q Bxg8 34. Rxe7 Rxg3+ 35. Rd3 Rxd3+ 36. Kxd3 1-0

[Event "38th Olympiad w"]
[Site "Dresden GER"]
[Date "2008.11.20"]
[Round "7"]
[White "Gloria,S"]
[Black "Muhtojzoda,A"]
[Result "0-1"]
[WhiteElo "1562"]
[BlackElo "1640"]
[EventDate "2008.11.13"]

1. d4 Nf6 2. Nf3 g6 3. c4 Bg7 4. g3 O-O 5. Bg2 d6 6. O-O Nbd7 7. b3 c5 8.
Bb2 a5 9. Qc2 Rb8 10. Nbd2 b5 11. Rad1 Ba6 12. d5 Qb6 13. Ne4 bxc4 14.
Nxf6+ Nxf6 15. Bxf6 cxb3 16. axb3 Bxf6 17. Rb1 Qc7 18. Ne1 Rb7 19. Nd3 Rfb8
20. Bf3 Bxd3 21. exd3 Rb4 22. Rfe1 Qb7 23. Bd1 Qxd5 24. Re4 Qb7 25. Rc4 Bd4
26. Qa2 Qb5 27. Kg2 a4 28. Rxb4 Qxb4 29. Qxa4 Qxa4 30. bxa4 Rxb1 31. Bc2
Rb2 32. Bd1 Rxf2+ 33. Kh3 f5 34. Bb3+ Kg7 35. Bc4 Rb2 36. a5 Kf6 37. a6 Rb4
38. a7 Ra4 39. Bg8 h5 40. Bd5 Rxa7 41. Kh4 Ra3 42. Bc4 Rc3 43. Bb5 Rc2 44.
h3 f4 45. Bc6 Ke5 0-1

[Event "38th Olympiad w"]
[Site "Dresden GER"]
[Date "2008.11.20"]
[Round "7"]
[White "Chen I Chen"]
[Black "Corbin,R"]
[Result "1/2-1/2"]
[WhiteElo "1725"]
[BlackElo "1876"]
[EventDate "2008.11.13"]

1. e4 e5 2. Nf3 Nc6 3. d4 exd4 4. Nxd4 Nxd4 5. Qxd4 d6 6. Bc4 h6 7. O-O Qf6
8. Qd3 Bd7 9. Be3 Be7 10. Nc3 c6 11. f4 Be6 12. e5 Qf5 13. Qe2 Bxc4 14.
Qxc4 d5 15. Qb3 Qd7 16. Ne2 b6 17. Rad1 Rd8 18. c4 Qb7 19. cxd5 Rxd5 20.
Rxd5 cxd5 21. Rd1 Qc7 22. Rxd5 h5 23. Qb5+ Kf8 24. Rd7 Qb8 25. Qa6 g6 26.
Rxa7 Kg7 27. Ra8 Qc7 28. Qxb6 Qc2 29. Qb5 h4 30. h3 Qe4 31. Rxg8+ Rxg8 32.
Kf2 Rd8 33. Nc3 Qf5 34. a4 g5 35. e6 Qc2+ 36. Qe2 Qf5 37. Qb5 Qc2+ 38. Qe2
Qf5 39. Qb5 Qc2+ 40. Qe2 1/2-1/2